000 00591cam a2200229 4500
001 J3891
008 090401t1996 xxu||||| |||| 00| 0 eng d
035 _a(Sirsi) u57287
041 _aeng
050 _a333.33709421
110 _aDTZ Debenham Thorpe
_92895
245 _aCORe: central offices research: London. - Summer 1996
260 _aLondon
_bDTZ Debenham Thorpe
_c1996
300 _a1 pt. ; 30cm.
350 _a0
650 _aFLOORSPACE STATISTICS
650 _aLONDON
650 _aOFFICES
690 _aPROPERTY-COMMERCIAL PROPERTY
942 _n0
948 _c04/03/1997
999 _c93920
_d93920